| 000 | 00476nam a2200169 i 4500 | ||
|---|---|---|---|
| 001 | 115736 | ||
| 003 | ES-MaACL | ||
| 005 | 20240424063051.0 | ||
| 007 | t| | ||
| 008 | 070510s1919 sp ||||1| spa d | ||
| 100 | 1 |
_aRuimar, Cándido, _dn. 1862 _9100866 |
|
| 245 | 1 | 0 |
_aEspaña al desnudo / _cCándido Rui-Mar. |
| 260 |
_aMadrid : _b[s.n.], _c1919 ( _fImprenta Helénica) |
||
| 300 |
_a430 p. ; _c19 cm. |
||
| 852 |
_aES-MaACL _jF-10515 |
||
| 999 |
_c115736 _d115736 |
||